French Words A-Z - Statistics

General Stats
  • This quiz has been taken 590 times
  • The average score is 18 of 26
Answer Stats
Letter English French % Correct
C cat chat
98%
E she elle
96%
N no non
96%
H hotel hotel
94%
G big grand
92%
I they ils
90%
F false faux
88%
B to drink boire
84%
J to play jouer
83%
D in(prep.) dans
81%
A animals animaux
77%
O bird oiseau
76%
Q that que
76%
K Kent Kent
75%
T your ton
69%
U Uluru Uluru
67%
P trousers/pants pantalons
66%
M bad mauvais
64%
X xylophone xylophone
57%
S room salle
53%
W Worcester Worcester
50%
L England l'Angleterre
48%
R river riviere
48%
Y yoghurt yaourt
42%
Z Zealand Zelande
28%
V Warsaw Varsovie
22%
No matching quizzes found
Score Distribution
Percent of People with Each Score
Percentile by Number Answered
Your Score History
You have not taken this quiz